000 00658nam a2200253Ia 4500
003 OSt
005 20221006145014.0
006 a|||||r|||| 00| 0
007 ta
008 221006b |||||||| |||| 00| 0 eng d
020 _c36.00
024 _a13,474
037 _cTextual
040 _aEASL
_cEASL
_beng
041 _2eng
_aeng
082 _aV44Q71:191.N7, L2
100 _aCHOWDHURY Subrata Roy
_9450085
245 0 _aGenesis of Bangladesh
260 _aBombay
_bAsia Pub.
_c1972
300 _a345p.
_ccm.
490 _v Oth
942 _hV44Q71:191.N7, L2
_cTEXL
_2CC
999 _c1081560
_d1081560